Top 5 UK Cities/Towns by Letter Quiz Stats

 Plays Quiz not verified by Sporcle

Challenge
Share
Tweet
Embed
Score 0/88 Timer 15:00
1 Play Today
Letter City % Correct
LLondon
97.6%
MManchester
97.1%
BBirmingham
96.9%
EEdinburgh
95.4%
CCardiff
95.2%
AAberdeen
94.8%
LLiverpool
94.5%
GGlasgow
93.3%
BBristol
92.6%
LLeeds
92.1%
NNewcastle upon Tyne
91.1%
OOxford
89.3%
SSheffield
87.8%
PPortsmouth
87.6%
SSwansea
87.6%
NNottingham
87.5%
IIpswich
86.3%
KKingston upon Hull
85.9%
PPlymouth
85.7%
LLeicester
85.1%
YYork
85.1%
DDerby
84.7%
BBelfast
84.5%
SSouthampton
84.5%
DDundee
84.4%
CCambridge
83.2%
CCoventry
82.8%
NNorwich
82.6%
WWolverhampton
81.8%
BBrighton and Hove
81.1%
Letter City % Correct
RReading
80.9%
EExeter
79%
BBradford
78.4%
SStoke-on-Trent
73.2%
NNorthampton
69.6%
IInverness
68.6%
GGloucester
68.4%
MMiddlesbrough
66.2%
HHuddersfield
65.8%
PPeterborough
65.8%
CColchester
64.4%
LLuton
64.4%
MMilton Keynes
62%
DDoncaster
61.5%
SSwindon
61.2%
NNewport
60.1%
PPreston
60.1%
OOldham
56.5%
RRotherham
53.6%
CCheltenham
50.2%
TTelford
48.8%
DDarlington
47.4%
GGrimsby
46.7%
WWatford
46.6%
PPoole
46%
TTorquay
44.9%
RRochdale
44.3%
TTaunton
44.2%
EEastbourne
42.6%
HHartlepool
41.4%
Letter City % Correct
DDudley
41.2%
WWarrington
41.1%
HHastings
40.7%
GGillingham
39.9%
WWoking
39%
MMaidstone
36.8%
MMansfield
36.8%
AAldershot
36.4%
AAylesbury
35.2%
KKidderminster
35.1%
KKettering
34.9%
FFarnborough
33.7%
GGateshead
33.2%
FFolkestone
30.8%
HHigh Wycombe
29.9%
TTamworth
29.9%
WWorthing
28.2%
EEast Kilbride
25.1%
HHemel Hempstead
23.9%
EEastleigh
23.7%
AAshford
23.5%
RRedditch
21.1%
KKeighley
20.8%
AAtherton
11.9%
TTynemouth
11.3%
FFilton
10.3%
RRayleigh
10%
KKingswinford
8.4%

You're not logged in!

Compare scores with friends on all Sporcle quizzes.
Join for Free
OR
Log In

You Might Also Like...

Show Comments

Extras

Top Quizzes Today


Score Distribution

Your Account Isn't Verified!

In order to create a playlist on Sporcle, you need to verify the email address you used during registration. Go to your Sporcle Settings to finish the process.

Report this User

Report this user for behavior that violates our Community Guidelines.

Details: